|
|
|
|
| LEADER |
00000naa2a2200000 4500 |
| 001 |
244115 |
| 005 |
20231031210735.0 |
| 035 |
|
|
|a (RuTPU)RU\TPU\book\265495
|
| 035 |
|
|
|a RU\TPU\book\265494
|
| 090 |
|
|
|a 244115
|
| 100 |
|
|
|a 20131015d2011 k y0rusy50 ca
|
| 101 |
0 |
|
|a rus
|
| 102 |
|
|
|a RU
|
| 200 |
1 |
|
|a Математическое моделирование массотеплообмена в древесине при совместной сушке кондуктивным и высокочастотным способами при пониженном давлении
|f М. А. Горешнев
|
| 463 |
|
0 |
|0 (RuTPU)RU\TPU\book\250354
|t Сборник тезисов лауреатов Всероссийского конкурса научно-исследовательских работ студентов и аспирантов в области физических наук в рамках всероссийского фестиваля науки
|o г. Томск, 25 мая-5 сентября 2011 г.
|f Национальный исследовательский Томский политехнический университет (ТПУ) ; под ред. В. П. Кривобокова, А. П. Потылицына, А. С. Гоголева, К. А. Козина
|v С. 165
|d 2011
|p 252 с.
|
| 610 |
1 |
|
|a труды учёных ТПУ
|
| 610 |
1 |
|
|a массотеплоперенос
|
| 610 |
1 |
|
|a древесина
|
| 610 |
1 |
|
|a сушка
|
| 610 |
1 |
|
|a конвективные сушилки
|
| 610 |
1 |
|
|a высокочастотная техника
|
| 610 |
1 |
|
|a давление
|
| 610 |
1 |
|
|a пониженная нагрузка
|
| 700 |
|
1 |
|a Горешнев
|b М. А.
|c специалист в области электрофизики
|c инженер Томского политехнического университета
|f 1986-
|g Максим Алексеевич
|2 stltpush
|3 (RuTPU)RU\TPU\pers\29883
|
| 801 |
|
1 |
|a RU
|b 63413507
|c 20131014
|
| 801 |
|
2 |
|a RU
|b 63413507
|c 20131015
|g RCR
|
| 942 |
|
|
|c BK
|